Statistics for Board Games by Synonyms

Click here to take the quiz!

General Stats

  • This quiz has been taken 14 times
  • The average score is 7 of 50

Answer Stats

HintAnswer% Correct
TipClue
73%
Coupon to TourTicket to Ride
55%
Cocoa WorkshopChocolate Factory
45%
Ascending StarRising Sun
45%
Spell: The CollectionMagic: The Gathering
36%
Hidden AdolfSecret Hitler
36%
Hemoglobin FuryBlood Rage
27%
Only SingleJust One
27%
Emperor of JapanKing of Tokyo
27%
Nigiri Come On!Sushi Go!
27%
Gaeaconstructing Red PlanetTerraforming Mars
27%
CipherlabelsCodenames
18%
ControlDominion
18%
Nerd Away!Geek Out!
18%
Lust LeafletLove Letter
18%
StemRoot
18%
BayonetScythe
18%
Marshal of EnglandSheriff of Nottingham
18%
A Dinner for WodanA Feast For Odin
9%
Treachery at Manor on the SlopeBetrayal at House on the Hill
9%
Money & FirearmsCash & Guns
9%
Paints of FranceColors of Paris
9%
PlotCoup
9%
Cold of DeceasedDead of Winter
9%
Eternal GlenEverdell
9%
SorrowasylumGloomhaven
9%
Potential FrameworkPower Grid
9%
CraniumSkull
9%
PoundsubSlamwich
9%
Energy PeninsulaSpirit Island
9%
Agent DescentSpyfall
9%
DraperyTapestry
9%
The Crimson Wyvern HostelThe Red Dragon Inn
9%
Small VillagesTiny Towns
9%
Dusk JurisdictionTwilight Imperium
9%
Deepsea MunicipalsUnderwater Cities
9%
A Phony Painter comes to ManhattanA Fake Artist Goes to New York
0%
BastionsCitadels
0%
Filly FastColt Express
0%
Plunge: Adventures in the ShadeDescent: Journeys in the Dark
0%
Archaic PeninsulaDinosaur Island
0%
DoohickeysGizmos
0%
Wizard CavalierMage Knight
0%
Estates of InsanityMansions of Madness
0%
AdversaryNemesis
0%
Ascension of SocietiesRise of Tribes
0%
JujuTalisman
0%
ChronologyTimeline
0%
Dusk AttemptTwilight Struggle
0%
Accepted Into...Welcome To...
0%

Score Distribution

Percentile by Number Answered

Percent of People with Each Score

Your Score History

You have not taken this quiz